| Поле | Инд. | ПП | Название | Значение |
|---|---|---|---|---|
| Тип записи | a | |||
| Библиографический уровень | b | |||
| 001 | Контрольный номер | 2e01fea8c5244a1c960d17f7b10e223d | ||
| 005 | Дата корректировки | 20260528114549.1 | ||
| 024 | 80 | a | Стандартный номер | 10.3390/ijms27094049 |
| 040 | a | Служба первич. каталог. | Scopus | |
| b | Код языка каталог. | rus | ||
| 041 | 0_ | a | Код языка текста | eng |
| 097 | a | Костяева О.Г. | ||
| 100 | 1_ | a | Автор | Khvostunov I. K. |
| 100 | 1_ | a | Автор | Nasonova E. |
| 100 | 1_ | a | Автор | Lobachevsky P. N. |
| c | Титул (звания) | кандидат биологических наук; доцент (должность); | ||
| k | Факультет естественных и инженерных наук; Кафедра биофизики | |||
| q | Полное имя | Лобачевский Павел Николаевич | ||
| j | Принадлежность неизвестного автора к последователям, ученикам, сторонникам, школе и т. д. | государственный университет "Дубна" | ||
| 100 | 1_ | a | Автор | Krylov V. |
| 100 | 1_ | a | Автор | Shurinov A. |
| 245 | 10 | a | Заглавие | Monitoring Cytogenetic Effects in Peripheral Blood Lymphocytes of Thyroid Cancer Patients Receiving Radioiodine Treatment |
| 513 | a | отобрано | ||
| 773 | 18 | t | Название источника | International Journal of Molecular Sciences |
| b | Сведения об издании | Molecular Diversity Preservation International | ||
| c | Switzerland | |||
| d | Место и дата издания | 2026 | ||
| m | Специф. данные | входит в Белый список; входит в Scopus;входит в WoS;Входит в ядро РИНЦ;зарубежный журнал;ненулевой импакт-фактор | ||
| q | У1 Белый список | |||
| o | Прочие индексы | scopus 1.46 | ||
| x | ISSN | 1422-0067 | ||
| g | Прочая информация | V. 27(9). - P. 4049 | ||
| w | Контрольный № источника | f9683303115e448090ddd2dde91d1ee6 | ||
| 901 | t | Тип документа | b | |
| 952 | c | Вид литературы | статья в журнале |